| 000 | 00548nam a22001817a 4500 | ||
|---|---|---|---|
| 999 |
_c2271 _d2271 |
||
| 003 | OSt | ||
| 005 | 20210707095158.0 | ||
| 008 | 210707b ||||| |||| 00| 0 eng d | ||
| 020 | _a812390004X | ||
| 040 | _cALUPE UNIVERSITY | ||
| 050 |
_aQM25 _b.C43 2003 |
||
| 100 | _aB. D. Chaurasia | ||
| 245 |
_aB.D. Chaurasia's human anatomy: regional and applied _bVol.1: Upper Limb & Thorax |
||
| 260 |
_aNew Delhi, India _bCBS Publishers & Distributors _c2003 |
||
| 300 | _a252 pages : illustrations ; 25 cm | ||
| 650 | _aAnatomy, Human. | ||
| 942 |
_2lcc _cBK |
||